La iglesia y el mundo de hoy
Salvato in:
| Natura: | Libro |
|---|---|
| Lingua: | spagnolo |
| Pubblicazione: |
Santiago
Paulinas
1966
|
| Serie: | Colección Magisterium, 1
|
| Soggetti: | |
| Tags: |
Aggiungi Tag
Nessun Tag, puoi essere il primo ad aggiungerne!!
|
MARC
| LEADER | 00000nam a2200000 a 4500 | ||
|---|---|---|---|
| 001 | UCS9646 | ||
| 003 | CL-VaPUC | ||
| 008 | 971121e19660000CL |||||||||||||||||spa|d | ||
| 082 | 0 | 4 | |a 261.1 |b IGL |2 21 |
| 245 | 1 | 3 | |a La iglesia y el mundo de hoy |
| 300 | |a 197 h | ||
| 942 | |c BK | ||
| 945 | |d 19971121 00:00:00 |a rleighto | ||
| 260 | |a Santiago |b Paulinas |c 1966 | ||
| 650 | 0 | |a Iglesia Católica |9 256114 | |
| 650 | 0 | |a Cultura |9 269059 | |
| 650 | 7 | |a MATRIMONIO |2 CL-VaPUC |9 394888 | |
| 650 | 0 | |a Familias |9 255641 | |
| 650 | 0 | |a Desarrollo económico |9 259599 | |
| 583 | |a last modification |c 19971121 00:00:00 |k Rodrigo Vera | ||
| 490 | 0 | |a Colección Magisterium, 1 | |
| 999 | |c 263407 |d 263405 | ||
| 952 | |0 0 |1 0 |4 0 |6 261_100000000000000_IGL_1966 |7 0 |8 P |9 292696 |a BIBGIM |b BIBGIM |d 2019-11-19 |i 3367541 |o 261.1 IGL 1966 |p 3367541 |r 2025-01-15 |w 2019-11-19 |y BK |k COM | ||
| 952 | |0 0 |1 2 |4 0 |6 261_100000000000000_IGL_1966 |7 0 |8 A |9 292697 |a BIBTEO |b BIBTEO |d 2019-11-19 |i 209374K |o 261.1 IGL 1966 |p 209374K |r 2019-11-19 |w 2019-11-19 |x Descarte 2019 |y BK |k ICR | ||